| 000 | 00488nam a2200181 4500 | ||
|---|---|---|---|
| 001 | 25112 | ||
| 005 | 20230410105341.0 | ||
| 008 | 060907n1997 dr spa | ||
| 020 | _a0415149010 | ||
| 035 | _9funglode25303 | ||
| 041 | _aEN | ||
| 050 | 1 | 4 | _aHB 122 P826s 1997 |
| 100 | _aPopescu, Oreste | ||
| 245 | 1 |
_aStudies in the history of Latin American economic thought / _cOreste Popescu |
|
| 260 |
_aLondon : _bRoutledge, _c1997 |
||
| 300 | _aix, 319 p | ||
| 942 |
_2lcc _cbk |
||
| 999 |
_c34931 _d34931 |
||